000 00798nam a2200217Ii 4500
003 JO-AjNU
008 230605s9999||||xx |||||||||||||| ||und||
017 _a2010/12/4587
040 _aJO-AjNU
_bara
_erda
_cJO-AjNU
041 _aara
050 1 4 _aBF637.C6.G346.2011
100 3 _aالاسدي،غالب محمد رشيد,
_eauthor
_930990
245 0 0 _aالإرشاد النفسي ومعالجة المخاوف
250 _aالطبعة العربية
264 3 1 _aعمان-اربد:مؤسسة حمادة للدراسات الجامعية،دار اليازوري ،2011
300 _a105ص
_bالملاحق من ص89-ص105
336 _atext
_btxt
_2rdacontent
337 _aunmediated
_bn
_2rdamedia
338 _avolume
_bnc
_2rdacarrier
650 4 _aالارشاد النفسي
_930991
999 _aA12347
_c15915
_d15915